Food physics : physical properties--measurement and applications

Guardat en:
Dades bibliogràfiques
Autor principal: Figura, Ludger O
Format: Sách
Idioma:Undetermined
Publicat: Springer 2010
Matèries:
Etiquetes: Afegir etiqueta
Sense etiquetes, Sigues el primer a etiquetar aquest registre!
Thư viện lưu trữ: Trung tâm Thư viện - Trường Đại học Công nghiệp TP. Hồ Chí Minh
LEADER 00488nam a2200157Ia 4500
001 UIH_00387
008 230809s9999 xx 000 0 und d
082 |a 664.00153 
100 |a Figura, Ludger O 
245 0 |a Food physics : physical properties--measurement and applications 
245 0 |c Figura, Ludger O 
260 |b Springer 
260 |c 2010 
650 |a Food;Composition; 
927 |a Sách 
980 |a Trung tâm Thư viện - Trường Đại học Công nghiệp TP. Hồ Chí Minh